000 01004nam a22002537a 4500
005 2009061508248.0
008 090512t xxu||||| |||| 00| 0 eng d
010 _aENG-94017
020 _a9788173812439
_c295.00
020 _a8173812438
_c295.00
035 _aEN-77550
037 _bDBAD / PUB
040 _adpl
_bEnglish
082 _a530.078
100 _aGhosh, Samir Kumar
245 _aA textbook of advanced practical physics:
_cby Samir Kumar Ghosh
_b(covering complete honours syllabi of all Indian universities) /
250 _a4th rev. & enl. ed.
260 _aKolkata
_bNew Central Book Agency
_c2008
270 _a8/1, Chintamoni Das Lane,
_bKolkata
_e700009
300 _axvi, 536, viiip.
_c25cm(pbk)
650 _aPhysics
_xLaboratory manuals
942 _2ddc
_cEN
_mGHO
_h530.078
999 _c27480
_d27480